00834nam a2200217Ia 450000500170000000800410001702000180005804000080007605000220008410000240010624500610013026000390019130000180023033700100024833800140025844000300027250000220030250502240032465000400054865000280058820231102151449.0121028t2004 mx g 000 0 spa d a968-439-600-7 eRDA aPC4065.1 O74 200410aOSEGUERA, Eva Lydia10aTaller de lectura y redacción 2c / Eva Lydia Oseguera aMéxico b: Patria Culturalc2004 a287 páginas atexto asin medio aLenguaje y comunicación aIncluye Contenido a1. Concepto y clasificacion de la descripcion 2. Estructura y recursosm de la descripcion 3. Narracion informatica 4. Narracion expresiva 5. Exposicion y redaccion 6. La lectura 7. Practica y temas complementarios10aESPAÑOL vESTUDIO Y ENSEÑANZA 20aESPAÑOLvGRAMÁTICA